000 00295nam a2200109 a 4500
005 20201002033929.0
008 130808s1867 000 spa d
100 _aVaissiere, Pierre de
_966383
245 0 _aSaint-Domingue.
260 _aParis -- edi. desc.,
_c[1867] -- 384 pag.
999 _c39610
_d39610
040 _aDO-SdBNP